[Event "BCF-chT2a 1617 (4NCL)"]
[Site "England"]
[Date "2017.02.11"]
[Round "5.18"]
[White "Richardson, Keith Bevan"]
[Black "Portman, Carl S"]
[Result "1/2-1/2"]
[WhiteElo "1999"]
[BlackElo "1861"]
[PlyCount "116"]
[EventDate "2016.11.19"]
[EventType "team-tourn"]
[EventRounds "11"]
[EventCountry "ENG"]
[SourceTitle "EXT 2019"]
[Source "ChessBase"]
[SourceDate "2018.10.10"]
[SourceVersion "1"]
[SourceVersionDate "2018.10.10"]
[SourceQuality "1"]
[WhiteTeam "CSC Dragons"]
[BlackTeam "Barbican Youth"]
[WhiteTeamCountry "ENG"]
[BlackTeamCountry "ENG"]

1. e4 e6 2. d4 d5 3. e5 c5 4. c3 Bd7 5. Nf3 Nc6 6. Be2 h6 7. 0-0 Qb6 8. dxc5 Bxc5 9. b4 Be7 10. Be3 Qc7 11. Na3 Nxe5 12. Nxe5 Qxe5 13. Bd4 Qg5 14. f4 Qg6 15. Nb5 Bxb5 16. Bxb5+ Kf8 17. f5 exf5 18. Bd3 Bf6 19. Bc5+ Be7 20. Bxf5 Bxc5+ 21. bxc5 Qc6 22. Qd4 b6 23. cxb6 Qxb6 24. Rab1 Qxd4+ 25. cxd4 Nf6 26. Rb7 h5 27. Rc1 Ne8 28. Rd7 g6 29. Bd3 Nf6 30. Rb7 Ne4 31. Bxe4 dxe4 32. Rcc7 Kg7 33. Rxf7+ Kh6 34. Kf2 Rhf8 35. Ke3 Rxf7 36. Rxf7 g5 37. Kxe4 Kg6 38. Rc7 a5 39. Rc6+ Kf7 40. Kf5 Rd8 41. Rc7+ Kf8 42. Ke5 Re8+ 43. Kf6 Rd8 44. Rc2 Ke8 45. Re2+ Kf8 46. Rd2 Rd5 47. Ke6 Rb5 48. d5 Ke8 49. d6 Rb4 50. Rd5 Rb2 51. Rxg5 Re2+ 52. Re5 Rxa2 53. Rxh5 Re2+ 54. Re5 Rxg2 55. Rxa5 Re2+ 56. Kd5 Rxh2 57. Ra8+ Kd7 58. Ra7+ Kd8 1/2-1/2

[Event "BCF-chT4S 1617 (4NCL)"]
[Site "England"]
[Date "2017.01.14"]
[Round "3.92"]
[White "Kreuzer, Christopher RL"]
[Black "Richardson, Keith Bevan"]
[Result "1/2-1/2"]
[WhiteElo "1995"]
[BlackElo "2001"]
[PlyCount "59"]
[EventDate "2016.11.26"]
[EventType "team-swiss"]
[EventRounds "11"]
[EventCountry "ENG"]
[SourceTitle "EXT 2019"]
[Source "ChessBase"]
[SourceDate "2018.10.10"]
[SourceVersion "1"]
[SourceVersionDate "2018.10.10"]
[SourceQuality "1"]
[WhiteTeam "Cambridge University III"]
[BlackTeam "CSC Rhinos"]
[WhiteTeamCountry "ENG"]
[BlackTeamCountry "ENG"]

1. e4 g6 2. d4 Bg7 3. Nf3 d6 4. Bc4 Nf6 5. Nc3 0-0 6. Qe2 Nc6 7. 0-0 Bg4 8. Rd1 Nd7 9. Be3 e5 10. d5 Nd4 11. Bxd4 exd4 12. Nb5 Ne5 13. Nbxd4 c5 14. dxc6 bxc6 15. h3 Bd7 16. Nxe5 Bxe5 17. Qe3 Qe7 18. c3 Rfe8 19. Nf3 Bg7 20. Qf4 Be6 21. Bxe6 Qxe6 22. Rxd6 Qxe4 23. Qxe4 Rxe4 24. Rxc6 Re2 25. Rb1 Rb8 26. b4 Rxa2 27. c4 a5 28. b5 a4 29. b6 Rb2 30. Ra1 1/2-1/2

[Event "BCF-chT2d 1516 (4NCL) Demotion pool"]
[Site "England"]
[Date "2016.05.02"]
[Round "11.21"]
[White "Stepanyan, Henrik"]
[Black "Richardson, Keith Bevan"]
[Result "1-0"]
[WhiteElo "2140"]
[BlackElo "2003"]
[PlyCount "69"]
[EventDate "2015.11.14"]
[EventType "team-tourn"]
[EventRounds "4"]
[EventCountry "ENG"]
[SourceTitle "EXT 2023"]
[Source "ChessBase"]
[SourceDate "2022.10.05"]
[SourceVersion "1"]
[SourceVersionDate "2022.10.05"]
[SourceQuality "1"]
[WhiteTeam "Warwicks Select"]
[BlackTeam "BCM Dragons"]
[WhiteTeamCountry "ENG"]
[BlackTeamCountry "ENG"]

1. d4 g6 2. c4 Bg7 3. Nc3 d6 4. e4 c6 5. Nf3 a6 6. a4 a5 7. Be2 Na6 8. h3 Nf6 9. Bg5 h6 10. Be3 Nb4 11. 0-0 0-0 12. Nh2 d5 13. cxd5 cxd5 14. e5 Ne4 15. Bf4 g5 16. Bc1 Be6 17. f4 Ng3 18. Rf3 Nxe2+ 19. Nxe2 Qd7 20. fxg5 hxg5 21. Bxg5 f6 22. exf6 exf6 23. Be3 Rac8 24. Rc1 Rxc1 25. Bxc1 Bf5 26. Qf1 Bd3 27. Qd1 Be4 28. Rg3 Kf7 29. Nf4 Qf5 30. Nh5 Rg8 31. Ng4 Bf8 32. Nhxf6 Rg6 33. Nxe4 Rxg4 34. Rxg4 dxe4 35. Rf4 1-0

[Event "BCF-chT2b 1516 (4NCL)"]
[Site "England"]
[Date "2016.03.19"]
[Round "7.1"]
[White "Bellin, Jana"]
[Black "Richardson, Keith Bevan"]
[Result "0-1"]
[WhiteElo "2102"]
[BlackElo "1978"]
[PlyCount "96"]
[EventDate "2015.11.14"]
[EventType "team-tourn"]
[EventRounds "7"]
[EventCountry "ENG"]
[SourceTitle "EXT 2017"]
[Source "ChessBase"]
[SourceDate "2016.10.25"]
[SourceVersion "1"]
[SourceVersionDate "2016.10.25"]
[SourceQuality "1"]
[WhiteTeam "The ADS"]
[BlackTeam "BCM Dragons"]
[WhiteTeamCountry "ENG"]
[BlackTeamCountry "ENG"]

1. d4 g6 2. Nf3 Bg7 3. c3 Nf6 4. Bg5 0-0 5. e3 c5 6. Nbd2 cxd4 7. exd4 h6 8. Bh4 d6 9. Bxf6 Bxf6 10. Bc4 Nc6 11. 0-0 Bf5 12. Qe2 a6 13. a4 Bg7 14. Nh4 Bc8 15. Nxg6 d5 16. Nxf8 dxc4 17. Ng6 fxg6 18. Nxc4 Kh7 19. Rfe1 e6 20. a5 Rb8 21. Qe4 Qd5 22. Qxd5 exd5 23. Nb6 Bf5 24. Nxd5 Bf8 25. h3 Kg7 26. g4 Bd7 27. Nb6 Be8 28. d5 Na7 29. Rab1 Nb5 30. c4 Nd4 31. Kg2 Bb4 32. Re4 Bxa5 33. Rxd4 Bxb6 34. Re4 a5 35. b4 axb4 36. Rxb4 Bc5 37. Rb1 Bf7 38. Ra1 b5 39. Ra5 Bb4 40. Rxb5 Rxb5 41. cxb5 Bxd5 42. f3 Bxe4 43. fxe4 Kf6 44. b6 Ke5 45. b7 Bd6 46. Kf3 Kd4 47. h4 Bc7 48. h5 g5 0-1

[Event "BCF-chT2b 1516 (4NCL)"]
[Site "England"]
[Date "2015.11.15"]
[Round "2.31"]
[White "Balloglu, Piro"]
[Black "Richardson, Keith Bevan"]
[Result "1/2-1/2"]
[WhiteElo "1997"]
[BlackElo "2052"]
[PlyCount "43"]
[EventDate "2015.11.14"]
[EventType "team-tourn"]
[EventRounds "7"]
[EventCountry "ENG"]
[SourceTitle "CBM 169 Extra"]
[Source "ChessBase"]
[SourceDate "2015.12.18"]
[SourceVersion "1"]
[SourceVersionDate "2015.12.18"]
[SourceQuality "1"]
[WhiteTeam "Hackney"]
[BlackTeam "BCM Dragons"]
[WhiteTeamCountry "ENG"]
[BlackTeamCountry "ENG"]

1. e4 g6 2. d4 Bg7 3. Nf3 d6 4. Be3 a6 5. Nc3 b5 6. Bd3 Nd7 7. a3 Bb7 8. Qd2 c5 9. Rd1 Ngf6 10. dxc5 Nxc5 11. Bxc5 dxc5 12. Nxb5 Qc8 13. Nc3 c4 14. Be2 Nxe4 15. Nxe4 Bxe4 16. c3 0-0 17. 0-0 Rb8 18. Rfe1 e6 19. Nd4 Bd5 20. Bg4 Qb7 21. Re2 Bxg2 22. f3 1/2-1/2

[Event "BCF-chT2b 1415 (4NCL)"]
[Site "England"]
[Date "2015.01.11"]
[Round "4.1"]
[White "Richardson, Keith Bevan"]
[Black "Gilfillan, Andrew"]
[Result "1/2-1/2"]
[WhiteElo "2040"]
[BlackElo "1966"]
[PlyCount "44"]
[EventDate "2014.11.15"]
[EventType "team-tourn"]
[EventRounds "7"]
[EventCountry "ENG"]
[SourceTitle "EXT 2016"]
[Source "ChessBase"]
[SourceDate "2015.10.08"]
[SourceVersion "1"]
[SourceVersionDate "2015.10.08"]
[SourceQuality "1"]
[WhiteTeam "BCM Dragons"]
[BlackTeam "Kings Head"]
[WhiteTeamCountry "ENG"]
[BlackTeamCountry "ENG"]

1. c4 e6 2. Nc3 b6 3. Nf3 Bb7 4. e4 Bb4 5. Bd3 Nf6 6. e5 Ng4 7. Be4 Bxe4 8. Nxe4 f5 9. Nc3 Nh6 10. d4 Nf7 11. 0-0 0-0 12. Qb3 Be7 13. a3 Nc6 14. Qd1 Na5 15. d5 Nxc4 16. dxe6 dxe6 17. Qb3 Ncxe5 18. Nxe5 Nxe5 19. Qxe6+ Nf7 20. Bf4 Kh8 21. Rad1 Bd6 22. Nb5 Qe8 1/2-1/2

[Event "BCF-chT2b 1415 (4NCL)"]
[Site "England"]
[Date "2015.01.10"]
[Round "3.9"]
[White "Freeman, Richard"]
[Black "Richardson, Keith Bevan"]
[Result "1-0"]
[WhiteElo "2039"]
[BlackElo "2040"]
[PlyCount "107"]
[EventDate "2014.11.15"]
[EventType "team-tourn"]
[EventRounds "7"]
[EventCountry "ENG"]
[SourceTitle "EXT 2016"]
[Source "ChessBase"]
[SourceDate "2015.10.08"]
[SourceVersion "1"]
[SourceVersionDate "2015.10.08"]
[SourceQuality "1"]
[WhiteTeam "MK Phoenix"]
[BlackTeam "BCM Dragons"]
[WhiteTeamCountry "ENG"]
[BlackTeamCountry "ENG"]

1. f4 Nf6 2. Nf3 g6 3. d3 d5 4. c3 Bg7 5. Qc2 0-0 6. e4 Nc6 7. e5 Nh5 8. d4 f6 9. Be3 Bg4 10. Nbd2 Bh6 11. g3 Ng7 12. 0-0-0 fxe5 13. dxe5 e6 14. Re1 Nf5 15. Bf2 d4 16. cxd4 Nfxd4 17. Nxd4 Nxd4 18. Qc4 c5 19. h3 b5 20. Qd3 Bf5 21. Qc3 Qd5 22. Bd3 Qxa2 23. Bxf5 gxf5 24. Bxd4 cxd4 25. Qb3 Rac8+ 26. Kd1 Qxb3+ 27. Nxb3 Rfd8 28. Kd2 Bf8 29. Rc1 Kf7 30. Rxc8 Rxc8 31. Rc1 Bb4+ 32. Kd3 Rxc1 33. Nxc1 Be1 34. g4 fxg4 35. hxg4 Kg6 36. Ke4 a5 37. f5+ exf5+ 38. gxf5+ Kf7 39. Nd3 Bh4 40. Kxd4 Be7 41. Nf4 a4 42. Nd5 b4 43. e6+ Ke8 44. Ke5 a3 45. bxa3 bxa3 46. Nc3 Bb4 47. Na2 Ba5 48. f6 h5 49. Kd6 Bd8 50. e7 Bxe7+ 51. fxe7 h4 52. Ke6 h3 53. Nc3 a2 54. Nd5 1-0

[Event "BCF-chT2b 1415 (4NCL)"]
[Site "England"]
[Date "2014.11.16"]
[Round "2.7"]
[White "Richardson, Keith Bevan"]
[Black "Birtwistle, Nigel"]
[Result "1-0"]
[WhiteElo "2040"]
[BlackElo "2138"]
[PlyCount "59"]
[EventDate "2014.11.15"]
[EventType "team-tourn"]
[EventRounds "7"]
[EventCountry "ENG"]
[SourceTitle "CBM 163 Extra"]
[Source "ChessBase"]
[SourceDate "2014.12.23"]
[SourceVersion "1"]
[SourceVersionDate "2014.12.23"]
[SourceQuality "1"]
[WhiteTeam "BCM Dragons"]
[BlackTeam "Grantham Sharks II"]
[WhiteTeamCountry "ENG"]
[BlackTeamCountry "ENG"]

1. c4 Nf6 2. Nc3 g6 3. g3 Bg7 4. Bg2 0-0 5. d4 d6 6. Nf3 c6 7. 0-0 Qa5 8. e4 e5 9. h3 Nbd7 10. Re1 Re8 11. d5 cxd5 12. cxd5 b5 13. Bd2 b4 14. Na4 Nb6 15. Nxb6 Qxb6 16. Qb3 Rb8 17. Be3 Qb7 18. Nd2 Bd7 19. a3 a5 20. a4 Bf8 21. Rec1 Rec8 22. f4 exf4 23. gxf4 Rxc1+ 24. Rxc1 Rc8 25. Rc4 Rxc4 26. Nxc4 Qa6 27. e5 Nh5 28. e6 Bxa4 29. Qxa4 Qxc4 30. Qd1 1-0

[Event "WchT Seniors 65"]
[Site "Vilnius"]
[Date "2014.07.19"]
[Round "7.4"]
[White "Kaunas, Kestutis"]
[Black "Richardson, Keith Bevan"]
[Result "1-0"]
[WhiteElo "2187"]
[BlackElo "2058"]
[PlyCount "105"]
[EventDate "2014.07.13"]
[EventType "team-swiss"]
[EventRounds "9"]
[EventCountry "LTU"]
[SourceTitle "CBM 161 Extra"]
[Source "ChessBase"]
[SourceDate "2014.08.29"]
[SourceVersion "1"]
[SourceVersionDate "2014.08.29"]
[SourceQuality "1"]
[WhiteTeam "Lithuania"]
[BlackTeam "England"]
[WhiteTeamCountry "LTU"]
[BlackTeamCountry "ENG"]

1. d4 Nf6 2. c4 g6 3. Nc3 Bg7 4. e4 d6 5. Nf3 0-0 6. Be2 c6 7. 0-0 a6 8. a3 b5 9. e5 dxe5 10. dxe5 Qxd1 11. Rxd1 Ng4 12. Bf4 Nd7 13. e6 fxe6 14. Bg5 Ngf6 15. Nd4 Ne5 16. c5 Bd7 17. Nb3 Ra7 18. Na5 Nd5 19. Na2 Nf7 20. Bc1 Nd8 21. Nb4 Be5 22. Bg4 Kf7 23. Re1 Bc7 24. Nb3 h5 25. Bf3 Kg7 26. Bd2 Bf4 27. Rad1 Bxd2 28. Rxd2 a5 29. Nd3 Rf6 30. Nd4 Be8 31. h4 Nf7 32. Nxe6+ Kh6 33. Bxd5 cxd5 34. Ndf4 Bc6 35. Nxd5 Rd7 36. Nxf6 Rxd2 37. Ng8+ Kh7 38. Nxe7 Bd7 39. c6 Bxe6 40. Rxe6 Rc2 41. b4 axb4 42. axb4 Kg7 43. Nd5 Nd8 44. Re7+ Kf8 45. c7 Nf7 46. Re3 Nd6 47. Rc3 Rxc3 48. Nxc3 Ke7 49. Nxb5 Nc8 50. Kh2 Kd7 51. Kg3 Kc6 52. Nd4+ Kxc7 53. Kf4 1-0

[Event "BCF-chT3 1314 (4NCL)"]
[Site "England"]
[Date "2014.05.05"]
[Round "11.137"]
[White "Yiamakis, Albert"]
[Black "Richardson, Keith Bevan"]
[Result "1/2-1/2"]
[WhiteElo "1729"]
[BlackElo "2064"]
[PlyCount "122"]
[EventDate "2013.11.16"]
[EventType "team-swiss"]
[EventRounds "11"]
[EventCountry "ENG"]
[SourceTitle "EXT 2015"]
[Source "ChessBase"]
[SourceDate "2014.11.20"]
[SourceVersion "1"]
[SourceVersionDate "2014.11.20"]
[SourceQuality "1"]
[WhiteTeam "Guildford IV"]
[BlackTeam "BCM Rhinos II"]
[WhiteTeamCountry "ENG"]
[BlackTeamCountry "ENG"]

1. Nf3 g6 2. g3 Bg7 3. Bg2 e5 4. d3 Nc6 5. 0-0 Nf6 6. c4 0-0 7. Nc3 d6 8. a3 Re8 9. Rb1 Nd4 10. Nd2 c6 11. e3 Ne6 12. b4 Ng5 13. b5 c5 14. a4 Bg4 15. Qc2 Qd7 16. Nde4 Nfxe4 17. Nxe4 Nxe4 18. dxe4 Be6 19. Rd1 Rad8 20. Ba3 Qe7 21. Rd2 f6 22. Rbd1 Bg4 23. f3 Be6 24. Rd3 Qc7 25. f4 Bf8 26. Bb2 Qf7 27. Rc1 Qc7 28. Rd2 Be7 29. Rcd1 Qc8 30. Rf2 Rf8 31. a5 Qc7 32. Ra1 a6 33. Qa4 Ra8 34. Bc3 Qd7 35. Rb2 Rfb8 36. Bf1 Qe8 37. Rab1 Bd7 38. Qd1 Be6 39. Bd3 Qd8 40. h4 Qd7 41. f5 Bf7 42. bxa6 Rxa6 43. Rb6 Rxb6 44. Rxb6 Bd8 45. Rb5 Ra8 46. Be2 Qc6 47. Bd3 b6 48. axb6 Bxb6 49. fxg6 hxg6 50. g4 Kg7 51. g5 fxg5 52. hxg5 Rh8 53. Ba5 Bxa5 54. Rxa5 Rh5 55. Qg4 Qb6 56. Ra2 Qb3 57. Ra7 Qxd3 58. Rxf7+ Kxf7 59. Qd7+ Kf8 60. Qd8+ Kg7 61. Qd7+ Kg8 1/2-1/2

[Event "BCF-chT3S 1314 (4NCL)"]
[Site "England"]
[Date "2014.02.15"]
[Round "5.125"]
[White "Richardson, Keith Bevan"]
[Black "Majer, Christopher"]
[Result "1-0"]
[WhiteElo "2103"]
[BlackElo "1994"]
[PlyCount "51"]
[EventDate "2013.11.16"]
[EventType "team-swiss"]
[EventRounds "6"]
[EventCountry "ENG"]
[SourceTitle "EXT 2015"]
[Source "ChessBase"]
[SourceDate "2014.11.20"]
[SourceVersion "1"]
[SourceVersionDate "2014.11.20"]
[SourceQuality "1"]
[WhiteTeam "BCM Rhinos II"]
[BlackTeam "MK Phoenix II"]
[WhiteTeamCountry "ENG"]
[BlackTeamCountry "ENG"]

1. c4 e5 2. Nc3 Bb4 3. Nf3 Bxc3 4. bxc3 d6 5. g3 b6 6. Bg2 Bb7 7. 0-0 Nd7 8. d3 Ngf6 9. e4 0-0 10. Nh4 Nc5 11. f4 exf4 12. Bxf4 Ne6 13. Be3 Nd7 14. Qe2 Ne5 15. d4 Ng6 16. Nf5 Qd7 17. h4 Rae8 18. Qg4 Ne7 19. Nh6+ Kh8 20. Nxf7+ Kg8 21. Bh3 Bc8 22. Nh6+ Kh8 23. Nf7+ Kg8 24. Qh5 Nf4 25. Bxf4 Qxh3 26. Ng5 1-0

[Event "BCF-chT1a 1213 (4NCL)"]
[Site "England"]
[Date "2013.01.12"]
[Round "3.126"]
[White "Richardson, Keith Bevan"]
[Black "Rogers, Jonathan"]
[Result "0-1"]
[WhiteElo "2115"]
[BlackElo "2328"]
[PlyCount "48"]
[EventDate "2012.11.03"]
[EventType "team-tourn"]
[EventRounds "7"]
[EventCountry "ENG"]
[SourceTitle "EXT 2014"]
[Source "ChessBase"]
[SourceDate "2013.11.20"]
[SourceVersion "1"]
[SourceVersionDate "2013.11.20"]
[SourceQuality "1"]
[WhiteTeam "BCM Dragons"]
[BlackTeam "Barbican"]
[WhiteTeamCountry "ENG"]
[BlackTeamCountry "ENG"]

1. c4 e5 2. Nc3 Nf6 3. Nf3 d6 4. d4 Nbd7 5. e4 c6 6. Be2 g6 7. 0-0 Bg7 8. b4 exd4 9. Nxd4 0-0 10. Bf4 Re8 11. f3 Nh5 12. Be3 c5 13. Ndb5 a6 14. Nxd6 Bxc3 15. Rc1 cxb4 16. Nxe8 Qxe8 17. Qc2 Nhf6 18. Rcd1 Ne5 19. Bg5 Nc6 20. Rd3 Qe5 21. Qc1 Nd4 22. Bd1 Be6 23. Bf4 Qc5 24. Be3 Qxc4 0-1

[Event "Amsterdam Science Park op-A 2nd"]
[Site "Amsterdam"]
[Date "2012.07.17"]
[Round "4"]
[White "Arjun, Bharat"]
[Black "Richardson, Keith Bevan"]
[Result "1-0"]
[WhiteElo "2250"]
[BlackElo "2126"]
[PlyCount "57"]
[EventDate "2012.07.14"]
[EventType "swiss"]
[EventRounds "9"]
[EventCountry "NED"]
[SourceTitle "CBM 149 Extra"]
[Source "ChessBase"]
[SourceDate "2012.08.24"]
[SourceVersion "1"]
[SourceVersionDate "2012.08.24"]
[SourceQuality "1"]

1. Nf3 g6 2. c4 Bg7 3. Nc3 Nf6 4. e4 d6 5. d4 0-0 6. Be2 e5 7. 0-0 Nc6 8. d5 Ne7 9. Ne1 Nd7 10. Be3 f5 11. f3 f4 12. Bf2 g5 13. g4 fxg3 14. hxg3 Ng6 15. Qd2 h5 16. Be3 Bf6 17. Nd3 Rf7 18. Rf2 h4 19. gxh4 Nf4 20. hxg5 Nh3+ 21. Kf1 Nxf2 22. Kxf2 Bg7 23. Rg1 b6 24. Nb4 Nb8 25. g6 Rf8 26. Bg5 Qe8 27. Nc6 Nxc6 28. dxc6 Qxg6 29. Bh6 1-0

[Event "Amsterdam Science Park op-A 2nd"]
[Site "Amsterdam"]
[Date "2012.07.15"]
[Round "2"]
[White "Richardson, Keith Bevan"]
[Black "Van Assendelft, Floris"]
[Result "0-1"]
[WhiteElo "2126"]
[BlackElo "2348"]
[PlyCount "60"]
[EventDate "2012.07.14"]
[EventType "swiss"]
[EventRounds "9"]
[EventCountry "NED"]
[SourceTitle "CBM 149 Extra"]
[Source "ChessBase"]
[SourceDate "2012.08.24"]
[SourceVersion "1"]
[SourceVersionDate "2012.08.24"]
[SourceQuality "1"]

1. c4 e5 2. Nc3 Nf6 3. Nf3 Nc6 4. a3 d5 5. d4 exd4 6. Nxd4 dxc4 7. Nxc6 Qxd1+ 8. Nxd1 bxc6 9. g3 Be6 10. Bg2 Bd5 11. f3 Bc5 12. e4 Be6 13. Be3 Bb6 14. Ke2 c3 15. Nxc3 Bc4+ 16. Kf2 0-0-0 17. Rhd1 Bb3 18. Bh3+ Kb7 19. Rxd8 Rxd8 20. Re1 Nd7 21. Bxd7 Rxd7 22. Kg2 Rd3 23. Bf4 Bd4 24. Re2 c5 25. Rd2 c4 26. Rxd3 cxd3 27. Bd2 Kc6 28. f4 Kc5 29. Kf3 f6 30. e5 Bd5+ 0-1

[Event "BCF-chT2b 1112 (4NCL)"]
[Site "England"]
[Date "2012.01.15"]
[Round "4.8"]
[White "Robertson, David J"]
[Black "Richardson, Keith Bevan"]
[Result "0-1"]
[WhiteElo "1918"]
[BlackElo "2141"]
[PlyCount "104"]
[EventDate "2011.11.12"]
[EventType "team-match"]
[EventRounds "7"]
[EventCountry "ENG"]
[SourceTitle "EXT 2013"]
[Source "ChessBase"]
[SourceDate "2012.11.22"]
[SourceVersion "1"]
[SourceVersionDate "2012.11.22"]
[SourceQuality "1"]
[WhiteTeam "Spirit of Atticus"]
[BlackTeam "AMCA Dragons"]
[WhiteTeamCountry "ENG"]
[BlackTeamCountry "ENG"]

1. e4 g6 2. d4 Bg7 3. f4 c5 4. Nf3 cxd4 5. Nxd4 Nc6 6. Nb3 d6 7. Nc3 Nf6 8. Be2 0-0 9. Be3 a6 10. 0-0 b5 11. a3 Bb7 12. Bf3 Nd7 13. Qd2 Nb6 14. Bxb6 Qxb6+ 15. Kh1 Nd4 16. Nxd4 Qxd4 17. Qxd4 Bxd4 18. Nd1 e5 19. c3 Bb6 20. fxe5 dxe5 21. Nf2 Rad8 22. Rad1 Bxf2 23. Rxf2 Bxe4 24. Re1 Bxf3 25. gxf3 f6 26. Re4 Rc8 27. a4 Rc4 28. axb5 axb5 29. Rd2 Rxe4 30. fxe4 Kg7 31. Rd5 Rb8 32. Kg2 Rb7 33. Kf3 Kf7 34. Rd8 b4 35. c4 b3 36. Rd3 Ke6 37. c5 Rb4 38. Ke3 f5 39. Rd6+ Ke7 40. exf5 gxf5 41. Rh6 Rc4 42. Rxh7+ Ke6 43. Rb7 Rxc5 44. Rxb3 f4+ 45. Ke4 Rc4+ 46. Kf3 Kf5 47. Rb5 Rc2 48. h4 Rh2 49. b4 Rxh4 50. Rb8 Rh3+ 51. Kg2 Rb3 52. b5 Ke4 0-1

[Event "BCF-chT2b 1112 (4NCL)"]
[Site "England"]
[Date "2012.01.14"]
[Round "3.8"]
[White "Richardson, Keith Bevan"]
[Black "York Andersen, Anna"]
[Result "1-0"]
[WhiteElo "2141"]
[BlackElo "1755"]
[PlyCount "93"]
[EventDate "2011.11.12"]
[EventType "team-match"]
[EventRounds "7"]
[EventCountry "ENG"]
[SourceTitle "EXT 2013"]
[Source "ChessBase"]
[SourceDate "2012.11.22"]
[SourceVersion "1"]
[SourceVersionDate "2012.11.22"]
[SourceQuality "1"]
[WhiteTeam "AMCA Dragons"]
[BlackTeam "Sambuca Sharks"]
[WhiteTeamCountry "ENG"]
[BlackTeamCountry "ENG"]

1. c4 Nf6 2. Nf3 g6 3. g3 Bg7 4. Bg2 0-0 5. 0-0 c6 6. d4 d5 7. cxd5 cxd5 8. Ne5 Nc6 9. Nc3 e6 10. Bg5 h6 11. Bf4 Nh5 12. Nxc6 bxc6 13. Be3 Nf6 14. h3 Nd7 15. Qd2 Kh7 16. Rac1 Nb6 17. b3 Bb7 18. Rfd1 Rc8 19. a4 a5 20. Na2 Ra8 21. Rc2 Re8 22. Nc1 Nd7 23. Nd3 Qb6 24. Ne1 Bf8 25. Nd3 Rec8 26. h4 Ba6 27. Rb1 Bg7 28. h5 g5 29. Ne5 Nxe5 30. dxe5 Qc7 31. f4 Qe7 32. Rbc1 Bb7 33. Bc5 Qd8 34. Bd4 Rab8 35. Rf1 Qe7 36. Bc5 Qe8 37. Bd6 Ra8 38. fxg5 hxg5 39. Qxg5 Bh6 40. Qf6 Bg7 41. Qxf7 Qxf7 42. Rxf7 Ba6 43. Bh3 Re8 44. Rxc6 Bxe2 45. Rcc7 Rg8 46. Bxe6 Bxh5 47. Rfd7 1-0

[Event "Plzen op 2nd"]
[Site "Plzen"]
[Date "2010.12.07"]
[Round "5"]
[White "Richardson, Keith Bevan"]
[Black "Hubka, Roland"]
[Result "1-0"]
[WhiteElo "2135"]
[BlackElo "2032"]
[PlyCount "119"]
[EventDate "2010.12.04"]
[EventType "swiss"]
[EventRounds "9"]
[EventCountry "CZE"]
[SourceTitle "CBM 139 Extra"]
[Source "ChessBase"]
[SourceDate "2011.01.05"]
[SourceVersion "1"]
[SourceVersionDate "2011.01.05"]
[SourceQuality "1"]

1. c4 e6 2. Nf3 Nf6 3. d4 Bb4+ 4. Bd2 a5 5. Nc3 0-0 6. e3 d5 7. Bd3 Nbd7 8. 0-0 Re8 9. a3 Bxc3 10. Bxc3 b6 11. b4 axb4 12. axb4 Rxa1 13. Bxa1 dxc4 14. Bxc4 Bb7 15. Bb5 Qe7 16. Qb3 Bxf3 17. gxf3 Nd5 18. Kh1 Rd8 19. Bc3 Nf8 20. Bd2 Ng6 21. Be2 Qf6 22. Rg1 Ra8 23. f4 Qh4 24. Kg2 Qd8 25. Qb2 Nf6 26. Ra1 Qd5+ 27. f3 Rxa1 28. Qxa1 h6 29. Qc3 Ne8 30. Qc4 Qh5 31. Qb5 Nh4+ 32. Kf2 f5 33. d5 Nd6 34. Qd7 exd5 35. Qxc7 Qg6 36. Qd8+ Kh7 37. Qxh4 Qe6 38. Bc3 b5 39. Qd8 Nf7 40. Qh4 Qc6 41. Bd4 Nd6 42. Qg3 Qd7 43. h4 Qf7 44. h5 Nc4 45. Qg6+ Qxg6 46. hxg6+ Kxg6 47. Bd3 Nd6 48. Bc5 Nc4 49. e4 fxe4 50. fxe4 dxe4 51. Bxe4+ Kh5 52. Bd4 Nd6 53. Bf3+ Kg6 54. Bc5 Nc4 55. Be4+ Kh5 56. Kg3 g5 57. f5 g4 58. f6 Ne5 59. Bd4 Nd7 60. Bc6 1-0

[Event "BCF-chT2 1011 (4NCL)"]
[Site "England"]
[Date "2010.11.07"]
[Round "2.64"]
[White "Byway, Paul V"]
[Black "Richardson, Keith Bevan"]
[Result "1/2-1/2"]
[WhiteElo "2162"]
[BlackElo "2118"]
[PlyCount "75"]
[EventDate "2010.11.06"]
[EventType "team-swiss"]
[EventRounds "11"]
[EventCountry "ENG"]
[SourceTitle "EXT 2012"]
[Source "ChessBase"]
[SourceDate "2011.11.24"]
[SourceVersion "1"]
[SourceVersionDate "2011.11.24"]
[SourceQuality "1"]
[WhiteTeam "Poisoned Pawns"]
[BlackTeam "AMCA Dragons"]
[WhiteTeamCountry "ENG"]
[BlackTeamCountry "ENG"]

1. Nf3 g6 2. d4 Nf6 3. c4 Bg7 4. g3 0-0 5. Bg2 d6 6. 0-0 Nc6 7. Nc3 e5 8. d5 Ne7 9. e4 Nd7 10. b4 a5 11. Ba3 Bh6 12. Nd2 f5 13. bxa5 Rxa5 14. Bb4 Ra6 15. Nb3 Nf6 16. exf5 gxf5 17. Nd2 c5 18. dxc6 Nxc6 19. Nd5 Nxb4 20. Nxb4 Rb6 21. Nd5 Nxd5 22. Bxd5+ Kh8 23. f4 exf4 24. gxf4 Qh4 25. Nb3 Qg4+ 26. Kh1 Qxd1 27. Raxd1 Rb4 28. Rd3 b5 29. Rg3 Bb7 30. Bxb7 bxc4 31. Na5 Rb5 32. Nxc4 Rxb7 33. Nxd6 Rd7 34. Nb5 Rd2 35. Rg2 Rfd8 36. a4 Rxg2 37. Kxg2 Ra8 38. Nd6 1/2-1/2

[Event "BCF-chT2 1011 (4NCL)"]
[Site "England"]
[Date "2010.11.06"]
[Round "1.74"]
[White "Richardson, Keith Bevan"]
[Black "Simons, Martin J"]
[Result "1/2-1/2"]
[WhiteElo "2118"]
[BlackElo "2186"]
[PlyCount "51"]
[EventDate "2010.11.06"]
[EventType "team-swiss"]
[EventRounds "11"]
[EventCountry "ENG"]
[SourceTitle "EXT 2012"]
[Source "ChessBase"]
[SourceDate "2011.11.24"]
[SourceVersion "1"]
[SourceVersionDate "2011.11.24"]
[SourceQuality "1"]
[WhiteTeam "AMCA Dragons"]
[BlackTeam "Wessex"]
[WhiteTeamCountry "ENG"]
[BlackTeamCountry "ENG"]

1. c4 e5 2. Nc3 Nc6 3. g3 f5 4. Bg2 Nf6 5. e3 Be7 6. Nge2 0-0 7. 0-0 d6 8. d3 Qe8 9. Nd5 Bd8 10. Nec3 Ne7 11. Nxf6+ Rxf6 12. b4 c6 13. a4 Be6 14. b5 Qf7 15. a5 e4 16. a6 bxa6 17. bxc6 Rc8 18. dxe4 Bxc4 19. exf5 Bxf1 20. Qxf1 d5 21. Bb2 Rfxc6 22. Qd3 Qf6 23. Na4 Qf7 24. Nc3 Qf6 25. Na4 Qf7 26. Nc3 1/2-1/2